<?xml version="1.0" encoding="UTF-8"?>
<marc:record xmlns:marc="http://www.loc.gov/MARC21/slim">
   <marc:leader>00000nam a2200000 a 4500</marc:leader>
   <marc:datafield ind1="1" ind2=" " tag="100">
      <marc:subfield code="a">Haynes, Todd</marc:subfield>
      <marc:subfield code="4">aut</marc:subfield>
      <marc:subfield code="e">Verfasser/-in</marc:subfield>
   </marc:datafield>
   <marc:datafield ind1="1" ind2=" " tag="100">
      <marc:subfield code="a">Correa, Mario</marc:subfield>
      <marc:subfield code="4">aut</marc:subfield>
      <marc:subfield code="e">Verfasser/-in</marc:subfield>
   </marc:datafield>
   <marc:datafield ind1="1" ind2=" " tag="100">
      <marc:subfield code="a">Robbins, Tim</marc:subfield>
   </marc:datafield>
   <marc:datafield ind1="1" ind2=" " tag="100">
      <marc:subfield code="a">Pullman, Bill</marc:subfield>
   </marc:datafield>
   <marc:datafield ind1="1" ind2=" " tag="100">
      <marc:subfield code="a">Hathaway, Anne</marc:subfield>
   </marc:datafield>
   <marc:datafield ind1="1" ind2=" " tag="100">
      <marc:subfield code="a">Ruffalo, Mark</marc:subfield>
   </marc:datafield>
   <marc:datafield ind1="1" ind2=" " tag="100">
      <marc:subfield code="a">Zarvos, Marcelo</marc:subfield>
   </marc:datafield>
   <marc:datafield ind1="0" ind2="0" tag="245">
      <marc:subfield code="a">Vergiftete Wahrheit [Bildtonträger]</marc:subfield>
   </marc:datafield>
   <marc:datafield ind1="0" ind2="0" tag="245">
      <marc:subfield code="c">ein Todd Haynes Film. Mit Mark Ruffalo, Anne Hathaway, Tim Robbins...</marc:subfield>
   </marc:datafield>
   <marc:datafield ind1=" " ind2="1" tag="264">
      <marc:subfield code="a">o. O.</marc:subfield>
      <marc:subfield code="b">Tobis Film GmbH</marc:subfield>
      <marc:subfield code="c">2021</marc:subfield>
   </marc:datafield>
   <marc:datafield ind1="1" ind2=" " tag="520">
      <marc:subfield code="a">Cincinnati, 1998. Der erfolgreiche Wirtschaftsanwalt Rob Bilott gerät in einen Zwiespalt, als ihn zwei Farmer auf merkwürdige Vorgänge in Parkersburg, West Virginia, aufmerksam machen, wo eine grosse Zahl von Kühen auf rätselhafte Weise verendet ist. Die Farmer vermuten dahinter den Chemiekonzern DuPont, für den Bilott selbst als Anwalt arbeitet. Trotz dieses Interessenskonflikts will der gewissenhafte Jurist den Fall vorbehaltlos aufklären und findet tatsächlich schnell belastende Indizien, die auf einen Umweltskandal von ungeheurem Ausmass hindeuten. Unterstützt von seinem Boss Tom Terp und seiner Frau Sarah  stürzt sich Bilott aufopferungsvoll in eine langwierige Auseinandersetzung, die ihn seinen Ruf, seine Gesundheit, privates Glück und vielleicht sogar sein Leben kosten könnte...</marc:subfield>
   </marc:datafield>
   <marc:datafield ind1=" " ind2=" " tag="020">
      <marc:subfield code="a">4061229150309</marc:subfield>
      <marc:subfield code="9">4061229150309</marc:subfield>
   </marc:datafield>
   <marc:datafield ind1=" " ind2=" " tag="500">
      <marc:subfield code="a">Orig.: USA 2019. Sprache: Deutsch (Dolby Digital 5.1), Englisch (Dolby Digital 5.1). Untertitel: Deutsch</marc:subfield>
   </marc:datafield>
   <marc:datafield ind1="0" ind2=" " tag="490">
      <marc:subfield code="v">0</marc:subfield>
   </marc:datafield>
   <marc:datafield ind1=" " ind2=" " tag="300">
      <marc:subfield code="a">1 DVD - Video (123 Minuten, PAL 2): farbig</marc:subfield>
   </marc:datafield>
</marc:record>
